000 00316nam a2200133Ia 4500
005 20251222144852.0
008 251222s9999||||xx |||||||||||||| ||spa||
020 _a84-7491-669-0
082 _a025.02/U61
245 0 _aTécnicos auxiliares de biblioteca
250 _a4a.ed.
264 _bComplutense
942 _cLIB
999 _c21632
_d21632